Truyện ngắn 1

সংরক্ষণ করুন:
গ্রন্থ-পঞ্জীর বিবরন
প্রধান লেখক: Nguyễn Khải
বিন্যাস: গ্রন্থ
ভাষা:Undetermined
প্রকাশিত: H. Hội Nhà Văn 2003
বিষয়গুলি:
ট্যাগগুলো: ট্যাগ যুক্ত করুন
কোনো ট্যাগ নেই, প্রথমজন হিসাবে ট্যাগ করুন!
Thư viện lưu trữ: Trung tâm Học liệu Trường Đại học Cần Thơ
LEADER 00532nam a2200205Ia 4500
001 CTU_58875
008 210402s9999 xx 000 0 und d
020 |b 55000 
082 |a 895.922301 
082 |b Kh103/T1 
100 |a Nguyễn Khải 
245 0 |a Truyện ngắn 1 
245 0 |c Nguyễn Khải 
260 |a H. 
260 |b Hội Nhà Văn 
260 |c 2003 
650 |a short stories, vietnamese 
650 |y 21st century 
904 |i Minh 
980 |a Trung tâm Học liệu Trường Đại học Cần Thơ